000 01506nam a2200313 a 4500
001 000022618
005 20240305103359.0
008 101014s1986 dr ac 001 0 spa d
040 _aDO-SdBNP
_bspa
_cBNPHU
082 _a780.268
_bV598i
245 0 0 _aViaje de invierno :
_b(Winterreise ) /
_cidea Arístides Incháustegui ; pianista Miriam Ariza ; traductor Rafael Villanueva.
260 _aSanto Domingo :
_bCorripio,
_c1986.
300 _a17 p. :
_bil., retrs. ;
_c26 cm.
500 _aConcierto presentado por el tenor Arístides Incháustegui y la pianista Miriam Ariza, en el Auditorio de Bellas Artes, le jueves 6 de noviembre de 1986, por sus 30 años de vida artística.
500 _aSíntesis biográfica y artística de los intérpretes: p. VII-XVI.
590 _aInventariado, 2018/LP
600 1 4 _aSCHUBERT, FRANZ,
_d1797-1828
_oVIAJE DE INVIERNO
_946542
600 1 4 _aMÜLLER, WILHELM
_d1794-1827
_tVIAJE DE INVIERNO
_xCRÍTICA E INTERPRETACIÓN
_946543
600 1 4 _aMÜLLER, WILHELM
_d1794-1827
_tVIAJE DE INVIERNO
_xCRÍTICA E INTERPRETACIÓN
_946543
650 4 _aMúsica austríaca
_xHistoria y crítica
_946544
650 4 _aInterpretación musical
_946545
650 4 _aArreglos musicales
_946546
650 4 _aMúsica para piano (arreglos)
_946547
650 4 _aMúsica y literatura
_946548
700 1 2 _aIncháustegui, Arístides,
_d1938-
_922936
700 1 2 _aAriza, Miriam,
_d1940-
_946549
700 1 2 _aVillanueva, Rafael
_etr.
_946550
910 _aValidado. Control de calidad EMS
999 _c22115
_d22115